Development oriented research in agriculture : (Record no. 1058)

MARC details
000 -LEADER
fixed length control field 00506nam a22001697a 4500
005 - DATE AND TIME OF LATEST TRANSACTION
control field 20240325085059.0
008 - FIXED-LENGTH DATA ELEMENTS--GENERAL INFORMATION
fixed length control field 240325b |||||||| |||| 00| 0 eng d
020 ## - INTERNATIONAL STANDARD BOOK NUMBER
International Standard Book Number 9073041163
040 ## - CATALOGING SOURCE
Original cataloging agency KMU
Transcribing agency KMU
Modifying agency KMU
050 ## - LIBRARY OF CONGRESS CALL NUMBER
Classification number S 540 Met
100 ## - MAIN ENTRY--PERSONAL NAME
Personal name Mettrick Hal
245 ## - TITLE STATEMENT
Title Development oriented research in agriculture :
Remainder of title An ICRA textbook /
Statement of responsibility, etc. Hal Mettrick
260 ## - PUBLICATION, DISTRIBUTION, ETC.
Place of publication, distribution, etc. Netherlands :
Name of publisher, distributor, etc. ICRA ,
Date of publication, distribution, etc. 1993.
300 ## - PHYSICAL DESCRIPTION
Extent xxvi,285 pages ;
Other physical details illus :
Dimensions 24 cm.
650 ## - SUBJECT ADDED ENTRY--TOPICAL TERM
Topical term or geographic name entry element Agriculture
Form subdivision Research
942 ## - ADDED ENTRY ELEMENTS (KOHA)
Source of classification or shelving scheme Library of Congress Classification
Koha item type Non-Fiction
Suppress in OPAC No
Holdings
Withdrawn status Lost status Source of classification or shelving scheme Damaged status Not for loan Collection Home library Current library Shelving location Date acquired Source of acquisition Total Checkouts Full call number Barcode Date last seen Price effective from Koha item type
    Library of Congress Classification     Non-fiction Kapasa Makasa University Kapasa Makasa University Open Access 25.03.2024 Book Aid   S 540 Met 725129 25.03.2024 25.03.2024 Non-Fiction